Critical Analysis of Christianity (Record no. 2805)

MARC details
000 -LEADER
fixed length control field 00645nam a2200229 a 4500
020 ## - INTERNATIONAL STANDARD BOOK NUMBER
ISBN
082 00 - DEWEY DECIMAL CLASSIFICATION NUMBER
Classification number 201
Author Cutter KAI
100 ## - MAIN ENTRY--AUTHOR NAME
Author name Kairanavi, M Rahmatullah
245 ## - TITLE STATEMENT
Title Critical Analysis of Christianity
Sub title A Case Study of Maulana Muhammad Rahmatullah Karanavi
260 ## - PUBLICATION, DISTRIBUTION, ETC. (IMPRINT)
Place of publication Hyderabad
Name of publisher Huda Book Distributors
Year of publication 2013
300 ## - PHYSICAL DESCRIPTION
Number of Pages 272p
500 ## - GENERAL NOTE
General note includes index and biblioraphy
650 ## - SUBJECT ADDED ENTRY--TOPICAL TERM
Topical Term Christianity-Polemics
942 ## - ADDED ENTRY ELEMENTS (KOHA)
Koha item type Books
700 1# -
-- Kairanavi, M Rahmatullah
Holdings
Collection code Home library Current library Date acquired Cost, normal purchase price Full call number Accession Number Koha item type
  Henry Martyn Institute Library Henry Martyn Institute Library 01/01/2005 400.00 201 KAI 02711 Books
                   Copyright © 2026 | Henry Martyn Institute | Hyderabad | TS-500052 | INDIA | Implemented by hmi.edu.in
Hit-Count:

Powered by Koha